Základní
MARC
Záznam Personal Name
Počet záznamů používajících tuto autoritu: 1
001 - CONTROL NUMBER
- control field: 20141
003 - CONTROL NUMBER IDENTIFIER
- control field: ABG508
005 - DATE AND TIME OF LATEST TRANSACTION
- control field: 20251212085520.0
008 - FIXED-LENGTH DATA ELEMENTS
- fixed length control field: 251212|| aca||aabn | a|a d
040 ## - CATALOGING SOURCE
- Original cataloging agency: ABG508
- Transcribing agency: ABG508
100 ## - HEADING--PERSONAL NAME
- Personal name: Enzensberger, Hans Magnus,
- Dates associated with a name: 1929-2022
670 ## - SOURCE DATA FOUND
- Source citation: Work cat.: (ABG508)33828: Enzensberger, Hans Magnus, 1929-2022 aut, Matematický čert :